000 00672nam a2200181Ia 4500
003 GCL
008 140319s9999 xx 000 0 ara d
040 _aGCL /
_cGCL
082 0 4 _a398.5
_bا م
100 1 _aابراهيم أبوطالب
245 1 0 _aالموروثات الشعبية القصصية فى الرواية اليمنية /
_cابراهيم أبوطالب
260 _aاليمن :
_bوزارة الثقافة والسياحة والارشاد القومى ،
_c2004
300 _a334 ص ؛
_c24 سم
650 0 4 _aالاساطير
650 0 4 _aالادب العربى - اليمن
650 0 4 _aالادب الشعبى - اليمن
942 _2ddc
_cBK
999 _c7500
_d7500